[Event "38 Open Vila de Sitges 2012"]
[Site "Sitges ESP"]
[Date "2012.07.27"]
[Round "8.3"]
[White "Hjelmaas, Lars"]
[Black "Czakon, Jakub"]
[Result "0-1"]
[WhiteElo "2273"]
[BlackElo "2481"]
[PlyCount "84"]
[EventDate "2012.07.20"]
[EventType "swiss"]
[EventRounds "9"]
[EventCountry "ESP"]
[SourceTitle "Ajedrez en Madrid"]
[Source "lmi"]
[SourceDate "2012.07.20"]

1. d4 Nf6 2. c4 e6 3. Nc3 Bb4 4. a3 Bxc3+ 5. bxc3 d6 6. f3 h6 7. e4 c5 8. Bd3
Nc6 9. Ne2 b6 10. f4 e5 11. fxe5 dxe5 12. d5 Na5 13. Ng3 Nb7 14. O-O Nd6 15.
Ra2 Qe7 16. a4 Kd8 17. a5 Ba6 18. axb6 axb6 19. Qb3 Kc7 20. Be3 Nd7 21. Rb1
Rhb8 22. Be2 Qh4 23. Bf2 Qg5 24. h3 g6 25. Rba1 Bb7 26. Ra7 Rxa7 27. Rxa7 Ra8
28. Rxa8 Bxa8 29. Kh2 Qd2 30. Qa3 Bb7 31. Kg1 f5 32. Qa4 Qxc3 33. exf5 gxf5 34.
Nh5 Qd2 35. Kf1 Ne4 36. Be1 Qg5 37. g4 Qe3 38. gxf5 Qxh3+ 39. Kg1 Qxf5 40. Ng3
Qg5 41. Kh2 Qh4+ 42. Kg2 Nxg3 0-1

[Event "38 Open Vila de Sitges 2012"]
[Site "Sitges ESP"]
[Date "2012.07.27"]
[Round "8.4"]
[White "Pakleza, Zbigniew"]
[Black "Jimenez Fraga, Pedro Alejandro"]
[Result "1/2-1/2"]
[WhiteElo "2468"]
[BlackElo "2446"]
[PlyCount "79"]
[EventDate "2012.07.20"]
[EventType "swiss"]
[EventRounds "9"]
[EventCountry "ESP"]
[SourceTitle "Ajedrez en Madrid"]
[Source "lmi"]
[SourceDate "2012.07.20"]

1. d4 Nf6 2. Nf3 g6 3. Bf4 Bg7 4. e3 O-O 5. Be2 c5 6. c3 b6 7. O-O Bb7 8. Nbd2
d6 9. h3 Nbd7 10. a4 a6 11. Bg3 Ra7 12. Qb3 Qa8 13. Rfd1 Bc6 14. Ra3 Rc8 15.
Bc4 Rf8 16. Re1 b5 17. axb5 axb5 18. Rxa7 Qxa7 19. Bf1 Qa8 20. Qc2 b4 21. cxb4
cxb4 22. Qb3 Rb8 23. Bc4 Bd5 24. e4 Bxc4 25. Qxc4 Nb6 26. Qxb4 Na4 27. Qa3 Nxb2
28. Qxa8 Rxa8 29. Rb1 Na4 30. Rb7 Nc3 31. e5 dxe5 32. dxe5 Nfd5 33. Bh4 Bf8 34.
Nd4 h6 35. Bg3 Ra2 36. N2f3 Ne4 37. e6 Nxg3 38. fxg3 fxe6 39. Nxe6 Bg7 40. Nf4
1/2-1/2

[Event "38 Open Vila de Sitges 2012"]
[Site "Sitges ESP"]
[Date "2012.07.27"]
[Round "8.5"]
[White "Rodriguez Garcia, Victor"]
[Black "Sequera Paolini, Jose"]
[Result "1-0"]
[WhiteElo "2383"]
[BlackElo "2407"]
[PlyCount "87"]
[EventDate "2012.07.20"]
[EventType "swiss"]
[EventRounds "9"]
[EventCountry "ESP"]
[SourceTitle "Ajedrez en Madrid"]
[Source "lmi"]
[SourceDate "2012.07.20"]

1. e4 e6 2. d4 d5 3. Nd2 Nf6 4. e5 Ng8 5. Ndf3 c5 6. c3 Bd7 7. Nh3 Qb6 8. Be2
Bb5 9. O-O Bxe2 10. Qxe2 Qa6 11. Qd1 Nc6 12. Nf4 g6 13. Be3 cxd4 14. cxd4 Nge7
15. g4 Nc8 16. Nd3 Nb6 17. b3 Nd7 18. Qd2 Qb6 19. Rfc1 Ba3 20. Rc2 O-O 21. Kg2
Rfc8 22. h4 Qb5 23. Bh6 Nb4 24. Nxb4 Bxb4 25. Rxc8+ Rxc8 26. Qf4 Be7 27. Rc1
Rxc1 28. Qxc1 Qc6 29. Qd2 b6 30. h5 Qc8 31. Ng5 Bf8 32. Bxf8 Nxf8 33. Qf4 Qc7
34. h6 f5 35. Qd2 a5 36. a4 Qe7 37. Qc1 Qd8 38. Kg3 Qe7 39. Kh4 Nd7 40. Qc8+
Qf8 41. Qxf8+ Nxf8 42. f3 Kh8 43. Nf7+ Kg8 44. Nd8 1-0

[Event "38 Open Vila de Sitges 2012"]
[Site "Sitges ESP"]
[Date "2012.07.27"]
[Round "8.6"]
[White "Mirzoev, Azer"]
[Black "Saptarshi, Roy"]
[Result "1-0"]
[WhiteElo "2545"]
[BlackElo "2389"]
[PlyCount "61"]
[EventDate "2012.07.20"]
[EventType "swiss"]
[EventRounds "9"]
[EventCountry "ESP"]
[SourceTitle "Ajedrez en Madrid"]
[Source "lmi"]
[SourceDate "2012.07.20"]

1. d4 d5 2. c4 e6 3. Nc3 c6 4. Qb3 dxc4 5. Qxc4 b5 6. Qd3 Ba6 7. Qd1 b4 8. Ne4
Qd5 9. Ng3 Nf6 10. Nf3 h5 11. Bg5 Nbd7 12. e4 Qa5 13. Bxa6 Qxa6 14. Qe2 Qxe2+
15. Kxe2 c5 16. Rac1 cxd4 17. Rhd1 Bc5 18. h4 Nh7 19. Bf4 Nhf8 20. Be5 Nxe5 21.
Nxe5 Bd6 22. Nc6 Bf4 23. Rc4 e5 24. Nf5 Ne6 25. g3 Bh6 26. Nd6+ Kf8 27. Nxe5
Ke7 28. Nexf7 Rhb8 29. Nxh6 Kxd6 30. Nf5+ Ke5 31. Nxd4 1-0

[Event "38 Open Vila de Sitges 2012"]
[Site "Sitges ESP"]
[Date "2012.07.27"]
[Round "8.7"]
[White "Perez Mitjans, Orelvis"]
[Black "Gallego Alcaraz, Andres Felipe"]
[Result "0-1"]
[WhiteElo "2504"]
[BlackElo "2377"]
[PlyCount "150"]
[EventDate "2012.07.20"]
[EventType "swiss"]
[EventRounds "9"]
[EventCountry "ESP"]
[SourceTitle "Ajedrez en Madrid"]
[Source "lmi"]
[SourceDate "2012.07.20"]

1. e4 c5 2. Nf3 Nc6 3. Bb5 d6 4. O-O Bd7 5. Re1 Nf6 6. c3 a6 7. Bf1 Bg4 8. h3
Bxf3 9. Qxf3 g6 10. d3 Bg7 11. Be3 Nd7 12. Nd2 O-O 13. Qd1 b5 14. Rc1 e6 15.
Nf3 d5 16. Qd2 Rc8 17. Bg5 Bf6 18. Bh6 Bg7 19. e5 f6 20. Bxg7 Kxg7 21. exf6+
Qxf6 22. d4 Rce8 23. a4 c4 24. axb5 axb5 25. Ra1 Qd8 26. Qg5 Rf6 27. Qg3 Qb8
28. Qxb8 Rxb8 29. Ng5 Nf8 30. Ra6 Nd8 31. Be2 b4 32. Ra7+ Kg8 33. Rc7 h6 34.
Nf3 Rf7 35. Rc5 Nd7 36. Ra5 Kg7 37. Bd1 b3 38. Be2 Nc6 39. Ra6 Rb6 40. Ra3 Nf6
41. Nd2 Ra7 42. Rxa7+ Nxa7 43. Ra1 Nb5 44. Bf3 Ne8 45. Kf1 Nec7 46. Bg4 Kf6 47.
f4 Ra6 48. Rxa6 Nxa6 49. Ke2 Nb8 50. h4 Nd7 51. h5 gxh5 52. Bxh5 Nd6 53. g4 Nb6
54. Kd1 Na4 55. Kc1 Ke7 56. Bg6 Nb6 57. Nf3 Nd7 58. Ne5 Nxe5 59. dxe5 Nb7 60.
Bh5 Nc5 61. Bg6 Kf8 62. Kd2 Kg7 63. Bb1 Na4 64. Kc1 Kh8 65. Bg6 Kg8 66. Be8 Nc5
67. Bg6 Kg7 68. Bb1 Na4 69. f5 Kf7 70. Kd2 Nxb2 71. Ke3 Nd3 72. Bxd3 cxd3 73.
Kxd3 exf5 74. gxf5 h5 75. e6+ Kf6 0-1

[Event "38 Open Vila de Sitges 2012"]
[Site "Sitges ESP"]
[Date "2012.07.27"]
[Round "8.8"]
[White "Franco Valencia, Beatriz Irene"]
[Black "Movsziszian, Karen"]
[Result "0-1"]
[WhiteElo "2253"]
[BlackElo "2469"]
[PlyCount "80"]
[EventDate "2012.07.20"]
[EventType "swiss"]
[EventRounds "9"]
[EventCountry "ESP"]
[SourceTitle "Ajedrez en Madrid"]
[Source "lmi"]
[SourceDate "2012.07.20"]

1. e4 g6 2. Nc3 Bg7 3. g3 d6 4. Bg2 c5 5. d3 Nc6 6. f4 e5 7. Nf3 Nge7 8. Be3
exf4 9. Bxf4 O-O 10. Qd2 Bg4 11. h3 Bxf3 12. Bxf3 Nd4 13. Bg2 b5 14. O-O b4 15.
Nd1 Rb8 16. c3 bxc3 17. bxc3 Ne6 18. Bh6 Bxh6 19. Qxh6 Qa5 20. Qd2 Qa3 21. Ne3
Qb2 22. Qxb2 Rxb2 23. Nc4 Rc2 24. Rfc1 Rxc1+ 25. Rxc1 Rd8 26. Ne3 Rb8 27. Nc4
Nc6 28. Rc2 Rb1+ 29. Kf2 Ne5 30. Nd2 Rb2 31. Rxb2 Nxd3+ 32. Ke3 Nxb2 33. e5
dxe5 34. Ke4 Na4 35. Nb1 f6 36. Kd5 Kf7 37. Kd6 Nb6 38. Nd2 f5 39. Kxe5 Ke7 40.
Bf1 Nd7+ 0-1

[Event "38 Open Vila de Sitges 2012"]
[Site "Sitges ESP"]
[Date "2012.07.27"]
[Round "8.10"]
[White "Roy Chowdhury, Saptarshi"]
[Black "Chirivi, C Jenny Astrid"]
[Result "1-0"]
[WhiteElo "2391"]
[BlackElo "2212"]
[PlyCount "159"]
[EventDate "2012.07.20"]
[EventType "swiss"]
[EventRounds "9"]
[EventCountry "ESP"]
[SourceTitle "Ajedrez en Madrid"]
[Source "lmi"]
[SourceDate "2012.07.20"]

1. c4 c5 2. Nf3 d6 3. d4 cxd4 4. Nxd4 Nf6 5. Nc3 g6 6. e4 Bg7 7. Be2 a6 8. O-O
O-O 9. Be3 b6 10. f3 Bb7 11. Qd2 Re8 12. Rfd1 Nbd7 13. Bf1 Rc8 14. Rac1 Ne5 15.
b3 Nfd7 16. Qf2 Rb8 17. Qg3 Kh8 18. f4 Nc6 19. Nf3 Qc8 20. Nd5 Ba8 21. Ng5 Kg8
22. f5 Nce5 23. fxg6 hxg6 24. Be2 e6 25. Nc3 Qc7 26. Qh4 Nf8 27. Rf1 f6 28. Nf3
f5 29. Ng5 Qe7 30. Qg3 Red8 31. Kh1 Nh7 32. exf5 exf5 33. Nd5 Bxd5 34. cxd5 Nf8
35. Rce1 b5 36. Nh3 Qb7 37. Nf4 Re8 38. h3 Rbc8 39. Bd4 Qf7 40. a4 Rb8 41. axb5
axb5 42. Ra1 Rb7 43. Ra5 Reb8 44. Qf2 b4 45. Ra6 Qe7 46. Rfa1 Rc8 47. Ra8 Rbc7
48. Rxc8 Rxc8 49. Bf1 Nf7 50. Bxg7 Kxg7 51. Bc4 Rc7 52. Ra8 Ng5 53. Qg3 Kf7 54.
Rxf8+ Qxf8 55. Qxg5 Qg7 56. Qd8 Re7 57. Qxd6 Qa1+ 58. Kh2 Qf6 59. Qxb4 Kg7 60.
d6 Re4 61. Nd3 Rd4 62. Qb7+ Kh6 63. Qf3 Qxd6+ 64. Qg3 f4 65. Qf3 Kg7 66. Nf2 g5
67. Ng4 Kf8 68. h4 gxh4 69. Kh3 Kg7 70. Qb7+ Qd7 71. Qa8 Qd8 72. Qa7+ Qd7 73.
Qc5 f3 74. gxf3 Rd1 75. Qg5+ Kf8 76. Qg8+ Ke7 77. Qg7+ Kd8 78. Qxd7+ Kxd7 79.
Kxh4 Kd6 80. Kg5 1-0

[Event "38 Open Vila de Sitges 2012"]
[Site "Sitges ESP"]
[Date "2012.07.28"]
[Round "9.1"]
[White "Vorobiov, Evgeny E"]
[Black "Arenas, David"]
[Result "1/2-1/2"]
[WhiteElo "2586"]
[BlackElo "2406"]
[PlyCount "23"]
[EventDate "2012.07.20"]
[EventType "swiss"]
[EventRounds "9"]
[EventCountry "ESP"]
[SourceTitle "Ajedrez en Madrid"]
[Source "lmi"]
[SourceDate "2012.07.20"]

1. d4 Nf6 2. c4 g6 3. g3 Bg7 4. Bg2 O-O 5. Nc3 d6 6. Nf3 Nc6 7. O-O a6 8. h3
Rb8 9. e4 b5 10. cxb5 axb5 11. Re1 Nd7 12. Bg5 1/2-1/2

[Event "38 Open Vila de Sitges 2012"]
[Site "Sitges ESP"]
[Date "2012.07.28"]
[Round "9.2"]
[White "Czakon, Jakub"]
[Black "Alarcon Casellas, Rolando"]
[Result "1/2-1/2"]
[WhiteElo "2481"]
[BlackElo "2436"]
[PlyCount "105"]
[EventDate "2012.07.20"]
[EventType "swiss"]
[EventRounds "9"]
[EventCountry "ESP"]
[SourceTitle "Ajedrez en Madrid"]
[Source "lmi"]
[SourceDate "2012.07.20"]

1. d4 Nf6 2. c4 e6 3. Nf3 b6 4. g3 Ba6 5. Nbd2 Bb4 6. Qc2 c5 7. Bg2 Bb7 8. O-O
cxd4 9. Nxd4 Bxg2 10. Kxg2 Qc8 11. N2f3 Qb7 12. Bg5 Ne4 13. Be3 O-O 14. Rfd1 f5
15. Kg1 Be7 16. Nb5 Nc6 17. Rac1 Rac8 18. Qb1 h6 19. Nc3 Nxc3 20. Rxc3 d6 21.
Nd2 Rfd8 22. Nb3 Bf6 23. Nd4 Nxd4 24. Bxd4 e5 25. Be3 f4 26. gxf4 exf4 27. Bd4
Qf7 28. Qf5 Be5 29. Qxf7+ Kxf7 30. Kg2 Ke6 31. b3 g5 32. Rcd3 Bxd4 33. Rxd4 Rc5
34. Rd5 Rxd5 35. Rxd5 Rf8 36. Kf3 Rf5 37. Rd1 b5 38. cxb5 Rxb5 39. Kg4 Rc5 40.
Rd2 Rc1 41. Rd4 Rg1+ 42. Kh5 Ke5 43. Ra4 Rg2 44. Kxh6 Rxh2+ 45. Kxg5 Rxf2 46.
Rxa7 Rg2+ 47. Kh4 Kf6 48. b4 Rxe2 49. Kg4 Rf2 50. b5 Ke5 51. Re7+ Kf6 52. Ra7
Ke5 53. Re7+ 1/2-1/2

[Event "38 Open Vila de Sitges 2012"]
[Site "Sitges ESP"]
[Date "2012.07.28"]
[Round "9.3"]
[White "Jimenez Fraga, Pedro Alejandro"]
[Black "Rodriguez Garcia, Victor"]
[Result "0-1"]
[WhiteElo "2446"]
[BlackElo "2383"]
[PlyCount "104"]
[EventDate "2012.07.20"]
[EventType "swiss"]
[EventRounds "9"]
[EventCountry "ESP"]
[SourceTitle "Ajedrez en Madrid"]
[Source "lmi"]
[SourceDate "2012.07.20"]

1. d4 Nf6 2. c4 g6 3. Nc3 Bg7 4. Nf3 O-O 5. Bg5 d6 6. e3 Nbd7 7. Be2 h6 8. Bh4
c6 9. O-O g5 10. Bg3 Nh5 11. b4 Ndf6 12. b5 cxb5 13. Nxb5 Nxg3 14. hxg3 Qa5 15.
Qb3 Bd7 16. a4 Rfc8 17. c5 Be6 18. Bc4 Bxc4 19. Qxc4 a6 20. Na3 dxc5 21. Qb3
cxd4 22. Nxd4 Qd5 23. Qb4 e6 24. Rad1 Qc5 25. Qb2 Qc3 26. Qa2 Nd5 27. Nb1 Qc4
28. Qa3 Qb4 29. Qa2 Qc4 30. Qa3 Bf8 31. Qa1 b5 32. axb5 axb5 33. Qb2 b4 34. Nd2
Qc3 35. Qb1 Bg7 36. N2b3 Qc4 37. Qb2 Nc3 38. Ra1 Rxa1 39. Rxa1 Qd3 40. Kh2 Nd5
41. Qa2 Nf6 42. Kg1 Ne4 43. Re1 e5 44. Nf5 Qc2 45. Qxc2 Rxc2 46. f3 Nc3 47. Ra1
e4 48. Nxg7 Kxg7 49. Nd4 Ne2+ 50. Nxe2 Rxe2 51. Ra4 b3 52. Rb4 b2 0-1

[Event "38 Open Vila de Sitges 2012"]
[Site "Sitges ESP"]
[Date "2012.07.28"]
[Round "9.4"]
[White "Espinoza Palomino, Willyam"]
[Black "Mirzoev, Azer"]
[Result "0-1"]
[WhiteElo "2296"]
[BlackElo "2545"]
[PlyCount "154"]
[EventDate "2012.07.20"]
[EventType "swiss"]
[EventRounds "9"]
[EventCountry "ESP"]
[SourceTitle "Ajedrez en Madrid"]
[Source "lmi"]
[SourceDate "2012.07.20"]

1. e4 e6 2. d4 d5 3. Nc3 Bb4 4. e5 c5 5. a3 Ba5 6. b4 cxd4 7. Nb5 Bc7 8. f4 Ne7
9. Nf3 Nbc6 10. Bd3 Nf5 11. Bxf5 exf5 12. Bb2 O-O 13. O-O Bb6 14. Kh1 Be6 15.
Nfxd4 Ne7 16. a4 Qd7 17. Nd6 Nc8 18. N4b5 Nxd6 19. Nxd6 Bd8 20. Rf3 Be7 21. Rh3
g6 22. Raa3 f6 23. Rag3 Bxd6 24. exd6 Rac8 25. Rh6 Qg7 26. Rgh3 Rf7 27. Bd4 b6
28. Qe1 Re8 29. Qc3 Bd7 30. R3h4 Re4 31. Rxh7 Qxh7 32. Rxh7 Kxh7 33. h3 Kg7 34.
Qd2 Re6 35. a5 Rxd6 36. Qf2 bxa5 37. bxa5 a6 38. c3 Re6 39. Kg1 Re4 40. h4 Kh6
41. Qg3 Re6 42. h5 gxh5 43. Qg8 Rg7 44. Qf8 Kg6 45. Kh2 Bb5 46. Qb8 Bd7 47. Qf8
h4 48. Kh3 Bb5 49. Kxh4 Bd3 50. Kh3 Bb5 51. Kh2 Bd3 52. Kg1 Be4 53. Kf2 Bc2 54.
Kg1 Bd1 55. Qd8 Ree7 56. Qd6 Ref7 57. Qxa6 Bc2 58. Qe2 Be4 59. a6 Kh6 60. a7
Rf8 61. Qa6 Rxg2+ 62. Kf1 Rgg8 63. Bxf6 Kh5 64. Bg5 Rh8 65. Qe2+ Kg6 66. Qa6+
Kh5 67. Qe2+ Kg6 68. Qa6+ Kh5 69. Kf2 d4 70. cxd4 Rc8 71. d5 Bxd5 72. Qe2+ Kg6
73. Qa6+ Rc6 74. Qa5 Be4 75. Kg3 Rd6 76. Bh4 Rc8 77. Qa1 Kh5 0-1

[Event "38 Open Vila de Sitges 2012"]
[Site "Sitges ESP"]
[Date "2012.07.28"]
[Round "9.5"]
[White "Movsziszian, Karen"]
[Black "Roy Chowdhury, Saptarshi"]
[Result "1-0"]
[WhiteElo "2469"]
[BlackElo "2391"]
[PlyCount "53"]
[EventDate "2012.07.20"]
[EventType "swiss"]
[EventRounds "9"]
[EventCountry "ESP"]
[SourceTitle "Ajedrez en Madrid"]
[Source "lmi"]
[SourceDate "2012.07.20"]

1. g3 c5 2. Bg2 Nc6 3. e4 g6 4. d3 Bg7 5. f4 d6 6. Nf3 e6 7. O-O Nh6 8. c3 O-O
9. a4 f5 10. Na3 Nf7 11. Be3 Bd7 12. exf5 exf5 13. Bf2 Ne7 14. d4 b6 15. Qb3 h6
16. Rfd1 Qc8 17. Re1 Bf6 18. Rad1 Rb8 19. Nb5 Kg7 20. Nxa7 Qb7 21. Nb5 Bc6 22.
c4 d5 23. Ne5 Bxe5 24. cxd5 Nxd5 25. dxe5 Nxf4 26. gxf4 Bxg2 27. e6 1-0

[Event "38 Open Vila de Sitges 2012"]
[Site "Sitges ESP"]
[Date "2012.07.28"]
[Round "9.6"]
[White "Gallego Alcaraz, Andres Felipe"]
[Black "Pakleza, Zbigniew"]
[Result "1/2-1/2"]
[WhiteElo "2377"]
[BlackElo "2468"]
[PlyCount "142"]
[EventDate "2012.07.20"]
[EventType "swiss"]
[EventRounds "9"]
[EventCountry "ESP"]
[SourceTitle "Ajedrez en Madrid"]
[Source "lmi"]
[SourceDate "2012.07.20"]

1. e4 e5 2. Nf3 d6 3. d4 exd4 4. Nxd4 Nf6 5. Nc3 Be7 6. Bf4 O-O 7. Qd2 c6 8.
O-O-O b5 9. f3 b4 10. Nce2 c5 11. Nf5 Bxf5 12. exf5 d5 13. g4 d4 14. g5 Nd5 15.
f6 Bd6 16. Bxd6 Qxd6 17. Ng3 Nd7 18. Nf5 Qc7 19. Bc4 N7b6 20. Bxd5 Nxd5 21.
fxg7 Rfe8 22. Rde1 Re6 23. Re4 Rae8 24. Rhe1 Rxe4 25. fxe4 Ne3 26. Nxe3 dxe3
27. Qxe3 c4 28. h4 a5 29. h5 a4 30. Kb1 Qe5 31. Rd1 a3 32. Qd4 Kxg7 33. c3 bxc3
34. bxc3 Qxd4 35. Rxd4 Re5 36. Rxc4 Rxg5 37. Rd4 Rxh5 38. Kc2 Rb5 39. c4 Rb2+
40. Kc3 Rxa2 41. Kb3 Ra1 42. c5 Kf6 43. Rc4 Ke7 44. c6 Kd8 45. e5 Rf1 46. Kxa3
Kc7 47. Kb4 Rf5 48. Rc5 h5 49. Kb5 Rf1 50. Rc3 Re1 51. Kc5 Rxe5+ 52. Kd4 Rg5
53. Rf3 Rg7 54. Rf6 Rh7 55. Ke3 h4 56. Kf2 h3 57. Kg1 h2+ 58. Kh1 Kb6 59. Rd6
Rh8 60. Rd7 Rh5 61. c7 Kb7 62. Rxf7 Kc8 63. Re7 Rh4 64. Re2 Kxc7 65. Rxh2 Rg4
66. Rg2 Ra4 67. Rg6 Kd7 68. Rf6 Rc4 69. Kg2 Ke7 70. Ra6 Re4 71. Kf3 Re6 1/2-1/2

[Event "38 Open Vila de Sitges 2012"]
[Site "Sitges ESP"]
[Date "2012.07.28"]
[Round "9.7"]
[White "Laxman, R R."]
[Black "Kiewra, Keaton F"]
[Result "1-0"]
[WhiteElo "2422"]
[BlackElo "2361"]
[PlyCount "91"]
[EventDate "2012.07.20"]
[EventType "swiss"]
[EventRounds "9"]
[EventCountry "ESP"]
[SourceTitle "Ajedrez en Madrid"]
[Source "lmi"]
[SourceDate "2012.07.20"]

1. Nf3 Nf6 2. c4 g6 3. Nc3 Bg7 4. e4 O-O 5. d4 d6 6. Be2 Bg4 7. Ng1 Bxe2 8.
Ngxe2 Nfd7 9. Be3 c5 10. d5 Na6 11. O-O Nc7 12. a4 a6 13. a5 Rb8 14. b3 b5 15.
axb6 Rxb6 16. Ra3 Qa8 17. f4 e6 18. dxe6 fxe6 19. e5 d5 20. Na4 Rc6 21. Nc1 Rd8
22. Nd3 Nb5 23. Ra2 dxc4 24. bxc4 Nd4 25. Bxd4 cxd4 26. c5 Bf8 27. Qg4 Qc8 28.
h4 Nxc5 29. Naxc5 Bxc5 30. h5 Kg7 31. Rf3 Be7 32. hxg6 h5 33. Qh3 Rf8 34. g4
Rc2 35. Rxc2 Qxc2 36. gxh5 Qd1+ 37. Kg2 Qc2+ 38. Kg1 Qd1+ 39. Rf1 Qe2 40. Re1
Qa2 41. Rf1 Kh6 42. Rf2 Qb1+ 43. Kh2 Rf5 44. g7 Kxg7 45. Qg4+ Kf8 46. Rb2 1-0

[Event "38 Open Vila de Sitges 2012"]
[Site "Sitges ESP"]
[Date "2012.07.28"]
[Round "9.8"]
[White "Barrientos, Sergio E"]
[Black "Hjelmaas, Lars"]
[Result "1-0"]
[WhiteElo "2500"]
[BlackElo "2273"]
[PlyCount "185"]
[EventDate "2012.07.20"]
[EventType "swiss"]
[EventRounds "9"]
[EventCountry "ESP"]
[SourceTitle "Ajedrez en Madrid"]
[Source "lmi"]
[SourceDate "2012.07.20"]

1. e4 e6 2. d4 d5 3. Nd2 Nf6 4. e5 Nfd7 5. c3 c5 6. Bd3 Nc6 7. Ngf3 g6 8. h4 h6
9. O-O cxd4 10. cxd4 Qb6 11. Nb3 Be7 12. Be3 a5 13. a4 g5 14. hxg5 hxg5 15. g3
Rg8 16. Rc1 g4 17. Nh2 f5 18. exf6 Nxf6 19. Bb5 Bd7 20. Nc5 Bxc5 21. Rxc5 Ne4
22. Nxg4 Ke7 23. Nh6 Qc7 24. Nxg8+ Rxg8 25. Qh5 Rxg3+ 26. fxg3 Qxg3+ 27. Kh1
Qxe3 28. Rf7+ Kd8 29. Qh4+ Kc7 30. Bxc6 bxc6 31. Qf4+ Qxf4 32. Rxf4 Nxc5 33.
dxc5 e5 34. Rf7 Kc8 35. Rg7 Bf5 36. Rg5 Bc2 37. Rxe5 Bxa4 38. Kg1 Kb7 39. Kf2
Bb5 40. Ke3 Kb8 41. Kd4 Kb7 42. Re7+ Kb8 43. Re1 Kb7 44. Ra1 a4 45. Re1 Kb8 46.
Re7 Ka8 47. Kc3 Kb8 48. Kb4 Kc8 49. Kc3 Kb8 50. Kd4 Kc8 51. Ke5 Kb8 52. Rg7 Kc8
53. Rg4 Kc7 54. Ke6 Kc8 55. Kd6 Kb7 56. Rg8 d4 57. Ke5 d3 58. Rd8 Kc7 59. Rd6
Kb7 60. Rd7+ Kc8 61. Rd4 Kc7 62. Ke4 Kb7 63. Ke3 Ka6 64. Kd2 Kb7 65. Rd7+ Kc8
66. Rg7 Kd8 67. Kc3 Kc8 68. Rg6 Kd7 69. Rd6+ Kc7 70. Kd4 Kb7 71. Ke5 Kc7 72.
Rd4 Kb7 73. Kd6 Kb8 74. Kd7 Kb7 75. Rb4 Kb8 76. Kd8 Kb7 77. Rd4 Kb8 78. Rd7 Bc4
79. Rd4 Bb5 80. Kd7 Kb7 81. Kd6 Kb8 82. Rh4 Kb7 83. Rh7+ Kc8 84. Rd7 Bc4 85.
Rc7+ Kb8 86. Kxc6 Bb5+ 87. Kb6 d2 88. Rg7 Kc8 89. Rg8+ Kd7 90. Rg1 Be2 91. c6+
Kd6 92. c7 Bg4 93. Rd1 1-0

[Event "38 Open Vila de Sitges 2012"]
[Site "Sitges ESP"]
[Date "2012.07.28"]
[Round "9.9"]
[White "Papadopoulou, Vera"]
[Black "Sequera Paolini, Jose"]
[Result "0-1"]
[WhiteElo "2189"]
[BlackElo "2407"]
[PlyCount "82"]
[EventDate "2012.07.20"]
[EventType "swiss"]
[EventRounds "9"]
[EventCountry "ESP"]
[SourceTitle "Ajedrez en Madrid"]
[Source "lmi"]
[SourceDate "2012.07.20"]

1. d4 d5 2. c4 e6 3. Nc3 c6 4. e3 f5 5. Bd3 Nh6 6. Nf3 Bd6 7. Qc2 O-O 8. Bd2
Nd7 9. O-O-O a6 10. Kb1 b5 11. c5 Bb8 12. Ne2 a5 13. Nf4 Qe7 14. Rc1 b4 15. h3
e5 16. Nxe5 Bxe5 17. dxe5 Nxe5 18. Be2 Ba6 19. Bxa6 Rxa6 20. g4 fxg4 21. hxg4
Nexg4 22. Rcg1 Qe4 23. Rh4 g5 24. Rhxg4 Nxg4 25. Rxg4 h6 26. Qxe4 dxe4 27. Be1
Rf5 28. Nh5 Ra8 29. Rxe4 Rd8 30. Rd4 Rxd4 31. exd4 g4 32. Ng3 Rd5 33. Bd2 h5
34. Be3 h4 35. Nf1 Rf5 36. Nh2 g3 37. fxg3 hxg3 38. Ng4 Rf3 39. Kc2 g2 40. Bg1
Rf1 41. Be3 Re1 0-1

[Event "38 Open Vila de Sitges 2012"]
[Site "Sitges ESP"]
[Date "2012.07.28"]
[Round "9.10"]
[White "Vidarte Morales, Arturo"]
[Black "Castrillon Gomez, Melissa"]
[Result "1-0"]
[WhiteElo "2353"]
[BlackElo "2181"]
[PlyCount "63"]
[EventDate "2012.07.20"]
[EventType "swiss"]
[EventRounds "9"]
[EventCountry "ESP"]
[SourceTitle "Ajedrez en Madrid"]
[Source "lmi"]
[SourceDate "2012.07.20"]

1. d4 Nf6 2. c4 g6 3. Nc3 Bg7 4. e4 d6 5. f3 a6 6. Be3 c6 7. Bd3 b5 8. Nge2 e5
9. d5 b4 10. Na4 c5 11. b3 Nbd7 12. Qd2 O-O 13. g4 h5 14. h3 Nh7 15. Nb2 Qh4+
16. Kd1 hxg4 17. fxg4 Nb6 18. Kc2 a5 19. Rag1 Qe7 20. g5 a4 21. h4 axb3+ 22.
axb3 Ra2 23. Nc1 Ra1 24. h5 Bd7 25. Qh2 Bh8 26. Rg2 Rfa8 27. Qh4 Be8 28. Rgh2
R8a7 29. Be2 R1a3 30. Bg4 gxh5 31. Qxh5 f5 32. g6 1-0